000
00331nam a2200133Ia 4500
008
240112s1971 JUL xx 000 0 und d
041
_a
eng
082
_a
618.05
100
_a
FARBER S.J.
245
_a
AMERICAN JOU. OF MEDICAL SCIENCE
260
_b
CHARLES B. SLACK INS.PUB.
_c
1971 JUL
300
_a
364,HB
440
_v
262
999
_c
1142000
_d
1142000